|
|
|
|
| LEADER |
00000cam a2200000Ii 4500 |
| 001 |
DIGLOM20044 |
| 003 |
NyNyDIG |
| 006 |
m o d |
| 007 |
cr ||||||||||| |
| 008 |
200404s2006 cl ob 000 0 spa d |
| 020 |
|
|
|z 9789562828536
|
| 020 |
|
|
|z 9562828530
|
| 035 |
|
|
|a (OCoLC)1148933251
|
| 040 |
|
|
|a DGITA
|b eng
|e rda
|e pn
|c DGITA
|
| 043 |
|
|
|a s-cl---
|
| 050 |
1 |
4 |
|a JL2698.A1 ebook
|
| 082 |
0 |
4 |
|a 324.283009
|
| 100 |
1 |
|
|a Valdivia Ortiz de Zárate, Verónica,
|e author.
|
| 245 |
1 |
0 |
|a Su revolución contra nuestra revolución.
|n 1,
|p Izquierdas y derechas en el Chile de Pinochet (1973-1981) /
|c Verónica Valdivia Ortiz de Zárate, Rolando Álvarez Vallejos, Julio Pinto Vallejos.
|
| 246 |
3 |
2 |
|a Izquierdas y derechas en el Chile de Pinochet (1973-1981)
|
| 264 |
|
1 |
|a Santiago [Chile] :
|b LOM Ediciones,
|c [2006]
|
| 300 |
|
|
|a 1 online resource.
|
| 336 |
|
|
|a text
|b txt
|2 rdacontent
|
| 337 |
|
|
|a computer
|b c
|2 rdamedia
|
| 338 |
|
|
|a online resource
|b cr
|2 rdacarrier
|
| 347 |
|
|
|a text file
|2 rdaft
|
| 347 |
|
|
|b PDF
|
| 490 |
1 |
|
|a Historia
|
| 504 |
|
|
|a Includes bibliographical references.
|
| 505 |
0 |
|
|a "Crónica de una muerte anunciada" : la disolución del Partido Nacional, 1973-1980 / Verónica Valdivia Ortiz de Zárate -- Lecciones de una Revolución : Jaime Guzmán y los gremialistas, 1973-1980 / Verónica Valdivia Ortiz de Zárate -- ¿La noche del exilio? : los orígenes de la rebelión popular en el Partido Comunista de Chile / Rolando Álvarez Vallejos -- ¿Y la historia les dio la razón? : el MIR en Dictadura, 1973-1981 / Julio Pinto Vallejos -- Izquierdas y derechas en los años setenta : la reversión de la historia / Verónica Valdivia Ortiz de Zárate.
|
| 588 |
0 |
|
|a Online resource; title from PDF title page (Digitalia, viewed April 5, 2020)
|
| 650 |
|
0 |
|a Political parties
|z Chile
|x History
|y 20th century.
|
| 650 |
|
0 |
|a Right and left (Political science)
|x History.
|
| 651 |
|
0 |
|a Chile
|x Politics and government
|y 20th century.
|
| 655 |
|
0 |
|a Electronic books.
|
| 700 |
1 |
|
|a Alvarez Vallejos, Rolando,
|d 1971-
|e author.
|
| 700 |
1 |
|
|a Pinto Vallejos, Julio,
|d 1956-
|e author.
|
| 776 |
0 |
8 |
|i Print version:
|a Valdivia Ortiz de Zárate, Verónica.
|t Su revolución contra nuestra revolución. 1, Izquierdas y derechas en el Chile de Pinochet (1973-1981).
|d Santiago [Chile] : LOM Ediciones, [2006]
|z 9789562828536
|
| 791 |
2 |
|
|a Digitalia (Firm),
|e distributor.
|
| 830 |
|
0 |
|a Historia (LOM Ediciones)
|
| 793 |
0 |
|
|g Digitalia eBook Collection:
|a LOM Ediciones
|
| 856 |
4 |
0 |
|3 Digitalia Hispánica
|u https://www.digitaliapublishing.com/a/13075/
|
| 910 |
|
|
|a Premium Collection: 2007-2012
|